Sveriges län på kartan - Statistics

General Stats
  • This quiz has been taken 125 times
  • The average score is 14 of 21
Answers on the Map
Answers color-coded by a green-red scale on the quiz's map according to % correct below.
 
Answer Stats
Answer % Correct
Gotland
96%
Skåne
89%
Stockholm
85%
Uppsala
78%
Halland
76%
Norrbotten
76%
Dalarna
67%
Kalmar
67%
Västra Götaland
67%
Örebro
63%
Södermanland
61%
Blekinge
59%
Jönköping
57%
Östergötland
57%
Kronoberg
54%
Värmland
54%
Västerbotten
54%
Jämtland
52%
Gävleborg
48%
Västernorrland
48%
Västmanland
43%
No matching quizzes found
Score Distribution
Percent of People with Each Score
Percentile by Number Answered
Your Score History
You have not taken this quiz